01466nab a22002897a 4500003000400000005001700004008004100021040000700062100003300069245012200102260007300224300001300297500007500310505031900385505008900704650002900793650002600822650001900848650001200867650002500879650002700904650003400931650001500965650002800980650003201008773013601040OSt20260131194402.0190603e xxum|||| |||| 00| 0 spa d cPJ aMéndez Acosta, Segundo J. 10aActualización de la suma asegurada. Un examen de las alternativas jurisprudenciales /cSegundo J. Méndez Acosta.  cCiudad Autónoma de Buenos Aires :aThomson Reuters La Ley, b2025. ap. 82-90 aCita: TR LALEY AR/DOC/2806/2025 Publicado en: RCCyC 2025 (Diciembre). aSumario: I. La cuestión: la depreciación de los límites de cobertura.— II. El estado de la jurisprudencia: heterogeneidad discursiva y resolutiva.— III. Naturaleza y régimen de la cláusula: dineraria no actualizable.— IV. Notas de los distintos temperamentos jurisprudenciales.— V. Conclusiones.  t¿Te interesa el texto completo? Solicitalo al correo: koha@justierradelfuego.gov.ar 0aCODIGO CIVIL Y COMERCIAL 0aRESPONSABILIDAD CIVIL 0aLEY DE SEGUROS 0aSEGUROS 0aCOBERTURA DEL SEGURO 0aDERECHOS DEL ASEGURADO 0aRESPONSABILIDAD DEL ASEGURADO 0aASEGURADOR 0aDERECHOS DEL ASEGURADOR 0aOBLIGACIONES DEL ASEGURADOR0 02713dCiudad Autónoma de Buenos Aires : Thomson Reuters La Ley, 2015-tRevista Código Civil y Comercial. Nº 6 - Diciembre 2025